| 000 | 01300cab a2200229 4500 | ||
|---|---|---|---|
| 001 | ABS68759 | ||
| 008 | 050215n2005 000 0 eng u | ||
| 035 | _a(Sirsi) u128811 | ||
| 100 | _aGillman, S. | ||
| 245 | _aFindings impress need for telecom regulation | ||
| 260 | _c2005 | ||
| 490 |
_aPlanning (for the Natural and Built Environment) _v(1603) 21 January 2005, 9(1) |
||
| 520 | _aReports on the current state of planning policy relating to mobile phone masts. Government is being pressed to tighten up the regulation of mast siting including the withdrawal of permitted development rights for masts under 15m high. The code of best practice on the siting of base stations produced jointly by government and mobile phone operators is neither sufficiently clear nor consistently used and is to be reviewed by the ODPM in spring 2005. The ODPM contends that bringing telecommunications developments under full planning control is unrealistic because many local authorities are too slow in determining applications. | ||
| 590 | _aABS | ||
| 650 | _aMOBILE PHONE MASTS | ||
| 650 | _aTELECOMMUNICATIONS | ||
| 650 | _aPLANNING POLICY | ||
| 650 | _aPLANNING PERMISSION | ||
| 650 | _aLOCAL AUTHORITIES | ||
| 690 | _aENVIRONMENTAL AND LAND CONSULTANCY-PLANNING AND DEVELOPMENT | ||
| 942 | _n0 | ||
| 999 |
_c74804 _d74804 |
||